Word Ladder: 2005 Rom Com Quiz Stats

 Plays Quiz Updated Oct 18, 2014

Challenge
Share
Tweet
Embed
Score 0/14 Timer 01:30
0 Plays Today
Hint 4-Letter Word % Correct
Not firstLAST
98.2%
All the actors in a movieCAST
97.8%
One of the seven deadly sinsLUST
95.7%
Sugar sourceCANE
94.1%
★ Subject of most early Beatles songs ★★ LOVE ★
94%
Give a darnCARE
93.3%
Don't put it before the horseCART
93.1%
Hint 4-Letter Word % Correct
Word preceding Star or RangerLONE
92.9%
Freeway divisionLANE
91%
Fully cookedDONE
91%
Avian peace symbolDOVE
90.2%
★ Stronger than should ★★ MUST ★
79.7%
Puts on clothingDONS
71.5%
★ Trails someone relentlessly ★★ DOGS ★
44.8%

Today's Daily Dose

You're not logged in!

Compare scores with friends on all Sporcle quizzes.
OR
Log In

You Might Also Like...

Show Comments

Extras

Top Quizzes Today


Score Distribution

Your Account Isn't Verified!

In order to create a playlist on Sporcle, you need to verify the email address you used during registration. Go to your Sporcle Settings to finish the process.

Report this User

Report this user for behavior that violates our Community Guidelines.

Details: